[Event "Slavia Hradec Kralove-12 1977/78"]
[Site "Hradec Kralove"]
[Date "1977.12.31"]
[Round "6"]
[White "Gurgenidze, Bukhuti"]
[Black "Moehring, Guenther"]
[Result "1/2-1/2"]
[WhiteElo "2510"]
[BlackElo "2405"]
[Annotator "Moehring,G"]
[PlyCount "113"]
[EventDate "1977.12.26"]
[EventType "tourn"]
[EventRounds "11"]
[EventCountry "CSR"]
[EventCategory "7"]
[SourceTitle "EXT 2007"]
[Source "ChessBase"]
[SourceDate "2006.11.23"]
[SourceVersion "1"]
[SourceVersionDate "2006.11.23"]
[SourceQuality "1"]

{SCHACH 4/1978 Seite 168} 1. e4 c6 2. d4 d5 3. Nc3 dxe4 4. Nxe4 Nf6 5. Nxf6+
exf6 6. c3 $5 ({Gebräuchlicher ist} 6. Bc4) 6... Bd6 7. Bd3 O-O 8. Qc2 Re8+ 9.
Ne2 g6 10. h4 Nd7 11. h5 Nf8 12. hxg6 {Danach hat Schwarz keine
Schwierigkeiten.} (12. Kf1 $5 {verdiente Beachtung, weil nach} Be6 13. Nf4 {
dem Läufer das Rückzugsfeld f7 fehlt.}) 12... fxg6 $1 (12... hxg6 $2 13. Qd2)
13. Kf1 {Das ist besser,} ({als} 13. Bh6 Be6 14. O-O-O $6 {Pilnik,H-Golombek,H/
Amsterdam 1951}) ({Auch} 13. Qb3+ Be6 14. Qxb7 Bd5 {Szabo,L-Flohr,S/Groningen
1946, bringt nichts ein.}) 13... Be6 14. Bh6 Qe7 {Die Drohung Lxf8 musste
pariert werden.} 15. Re1 Qf7 16. b3 Qc7 {Es drohte 17. Sf4. Das Mehrtempo Te1
erleichert das schwarze Spiel, vor allem wegen der Möglichkeit eines
Turmtausches.} 17. c4 Qd7 {Schwarz hat nun Spiel gegen den Bauern d4.} 18. Nc3
Bb4 $1 {Sonst Se4} 19. Rh4 (19. Ne4 $2 Qxd4 20. Be3 Qd8) 19... Bf5 $1 {Damit
droht Schwarz die Initiative an sich zu reißen.} 20. Rxe8 (20. Bxf5 {scheitert
an} Rxe1+ 21. Kxe1 Qxf5 {mit Vorteil für Schwarz.}) 20... Rxe8 21. Be3 $1 ({
Schlecht ist} 21. Bxf5 {da Schwarz durch den Zwischenzug} Bxc3 $3 {entweder
den Bauern d4 gewinnt oder nach} 22. Qxc3 Qxf5 {über mehrere Drohungen verfügt,
von denen g6-g5 die gefährlichste ist.}) 21... Bxd3+ 22. Qxd3 Bxc3 23. Qxc3 Qf5
{Droht sowohl Db1+ als auch g5; ich unterschätzte jedoch die geschickte
Verteidigung.} ({Besser war} 23... g5 $1 24. Rh3 Qf5 {Neben 25... Db1+ drohte
auch noch 25... g4 26. Tg3?! h5 und 25. d5 könnte unbesorgt mit 25... cxd5
beantwortet werden. Nach} 25. Rf3 $5 Qb1+ 26. Qc1 Qxa2 27. Qd1 (27. Rxf6 Qxb3
28. Bxg5 Qd3+ 29. Kg1 Qxd4) 27... Kg7 28. d5 {hätte Weiß allerdings eine
gewisse Kompensation für den Bauern.}) 24. d5 $1 {Ein unheimlich starker Zug,
der die Diagonalen in Richtung a7 und f6 freilegt und dem Th4 die d-Linie als
neue Operationsbasis anbieten.} Qb1+ $6 {Wobei ich den starken weißen 26. Zug
völlig übersah.} ({Sonst hätte ich sicher} 24... cxd5 {gezogen, obwohl mir
dabei} 25. Rd4 $5 {nicht gefiel. Hierauf konnte jedoch} Qb1+ 26. Ke2 Qxa2+ 27.
Kf3 (27. Rd2 Qa6) 27... dxc4 {folgen, wonach Weiß immerhin zwei Bauern weniger
hat. Noch stand ihm aber ein rettendes Remis zur Verfügung:} 28. Qxc4+ Kg7 $1 (
28... Kh8 $2 29. Qf7) 29. Qc7+ Kg8 $1 30. Qc4+ {usw.}) 25. Qc1 $1 Qxa2 26. Qd1
$3 {Jetzt wurde mir klar, dass mein Mehrbauer nicht nur nichts wert war,
sondern dass ich bereits schlechter stand. Der verschmähte Bauer d5 ist zum
mächtigen Freibauern geworden.} Qa6 27. Kg1 Rd8 28. d6 Ne6 {Es drohte 29. Te4
mit Eindringen auf e7.} 29. Re4 Kf7 30. c5 b6 {Sonst Ta4} 31. d7 $2 {Und
wieder wendet sich das Blatt.} ({Richtig war} 31. b4 {mit der Absicht Db3.} Qa2
$1 {hält jedoch die Balance, da} 32. cxb6 axb6 33. Bxb6 {an} Rxd6 $1 {
scheitert, andererseits aber 32... Dd5 droht.}) 31... Nf8 $1 ({Gurgenidze
rechnete nur mit} 31... Qb7 32. Qd6 Qxd7 33. Rxe6 Qxd6 34. Rxd6 Rxd6 35. cxd6 {
Jetzt geht der wertvolle Freibauer verloren.}) 32. Bd4 $1 {Die beste
praktische Chance.} Rxd7 ({Aber nicht} 32... bxc5 33. Bxf6 $1 Rxd7 34. Qf3 Kg8
35. Bb2 {und Weiß erhält Mattangriff.}) 33. Qf3 f5 34. g4 Rd5 $6 ({Hier hätte} 
34... Ne6 $1 {zum Gewinn geführt wegen} 35. gxf5 ({bzw.} 35. Rxe6 Kxe6 36. Qe3+
({Fritz9:} 36. Qxc6+ $1 Ke7 37. Bf6+ $18) 36... Kf7) 35... Nxd4 $1) 35. gxf5
Rxf5 36. Qe3 Qb7 37. cxb6 axb6 38. Bxb6 Qd7 (38... c5 39. Bd8) 39. Rd4 Qe6 $6 (
{Aussichtsreicher war} 39... Rd5) 40. Qxe6+ Kxe6 41. Rd8 $6 {Obwohl die
Zeitnot vorbei war!} Nd7 $1 {Versperrt auch dem weißen Turm den Rückweg, so
dass zusätzlich 42... Tf8! droht.} 42. Be3 $2 {Der Abgabezug.} ({Nur mit} 42.
Rc8 $1 {konnte Weiß den Turmtausch vermeiden:} Rf8 $1 43. Rc7 $1 {Zwischen
Abbruch und Wiederaufnahme lagen nur zwei Stunden. So musste ich den Gewinnweg
nach dem schwachen, aber von mir nicht analysierten Abgabezug am Brett finden.}
) 42... Rf8 43. Rxf8 Nxf8 44. Kf1 Kd5 45. Ke2 Ne6 46. Kd3 h5 $6 (46... c5 $1 {
hätte den Bauern b3 festgelegt, und Weiß wäre unrettbar verloren gewesen. Aber
auch jetzt steht Schwarz noch auf Gewinn.}) 47. b4 $1 h4 $2 {Danach kann
Schwarz nicht mehr gewinnen.} ({Notwendig war} 47... g5 $1 {z.B.} 48. f3 Nf4+
$1 {Andererseits droht 48... g4 nebst Sf3.}) 48. f3 h3 49. Bg1 g5 50. Bh2 Nf4+
51. Ke3 Ke5 52. Kf2 Ke6 53. Kg3 Kf5 54. Kf2 g4 55. Kg3 Ne2+ 56. Kf2 Nd4 57.
fxg4+ 1/2-1/2

[Event "Dortmunder Schachtage-06"]
[Site "Dortmund"]
[Date "1978.04.15"]
[Round "5"]
[White "Gaprindashvili, Nona"]
[Black "Andersson, Ulf"]
[Result "1-0"]
[WhiteElo "2425"]
[BlackElo "2545"]
[Annotator "Notkin,M"]
[PlyCount "73"]
[EventDate "1978.04.11"]
[EventType "tourn"]
[EventRounds "11"]
[EventCountry "GER"]
[EventCategory "7"]
[SourceTitle "MCL"]
[Source "ChessBase"]
[SourceDate "1999.07.01"]
[SourceVersion "1"]
[SourceVersionDate "1999.07.01"]
[SourceQuality "1"]

1. e4 c6 2. d4 d5 3. Nc3 dxe4 4. Nxe4 Nf6 5. Nxf6+ exf6 6. Bc4 Qe7+ 7. Qe2 Be6
8. Bxe6 (8. Bb3) 8... Qxe6 9. Bf4 (9. Nh3 $5 Na6 (9... g5 $5 10. f4 g4 11. Nf2
f5 12. h3 g3 13. Nd3 Nd7 14. Qxe6+ fxe6 15. Be3 Nf6 $13 {Machulsky,A-Bronstein,
D/Tbilisi/1974/0,5/34/}) 10. Nf4 Qxe2+ 11. Kxe2 h5 12. h4 O-O-O 13. c3 Bd6 14.
Kf3 Nc7 15. Be3 $14 {Krasenkov,M-Bobzin,P/Hamburg/1993/0,5/54/}) 9... Na6 10.
c3 (10. O-O-O O-O-O 11. Qxe6+ fxe6 12. Ne2 Nb4 13. c3 Nd5 $10) 10... O-O-O 11.
Qxe6+ fxe6 12. Ne2 c5 13. Be3 Bd6 (13... cxd4 $5 14. Nxd4 (14. Bxd4 Nc5 15.
O-O-O e5 16. Be3 b6 $10) 14... Nc7 15. O-O-O Bc5 $10) 14. O-O-O Rhe8 (14...
cxd4 15. Rxd4 $1 $14) 15. Kc2 Bf8 16. Rhe1 b6 17. dxc5 Nxc5 (17... Bxc5 18. Nd4
$14) 18. Rxd8+ $1 (18. Nd4 e5 $10) 18... Kxd8 (18... Rxd8 19. Nf4 $1 e5 20.
Bxc5 Bxc5 21. Ne6 $14) 19. Nd4 a6 (19... Kc7 20. Nb5+ Kb7 21. Rd1 $16) 20. b4
Nd7 21. a4 e5 22. Nb3 Kc7 23. Rd1 f5 24. f3 Re6 25. Nd2 Be7 (25... Rd6 26. Re1)
26. Nc4 g6 27. Kb3 Bf8 28. a5 $6 (28. g3 $1 {/\Rd2,a5+/=/}) 28... b5 29. Nb6
Rd6 30. Rxd6 (30. Nd5+ Kc6 31. c4 bxc4+ 32. Kxc4 Nf6 $10) 30... Bxd6 31. Nd5+
Kc6 32. c4 e4 33. f4 Nf8 34. cxb5+ $5 Kxd5 $2 (34... Kxb5 35. Nc3+ Kc6 36. Kc4
Ne6 37. g3 Nc7 $10) 35. bxa6 Ne6 (35... Kc6 36. b5+ Kc7 37. b6+ Kb8 38. a7+ Ka8
39. a6 $18) 36. a7 Nc7 37. b5 (37. b5 Na8 38. b6 Kc6 39. a6 $18) 1-0

[Event "Interpolis-03"]
[Site "Tilburg"]
[Date "1979.11.16"]
[Round "11"]
[White "Karpov, Anatoly"]
[Black "Smyslov, Vassily V"]
[Result "1-0"]
[WhiteElo "2705"]
[BlackElo "2560"]
[Annotator "Parma,B"]
[PlyCount "80"]
[EventDate "1979.11.01"]
[EventType "tourn"]
[EventRounds "11"]
[EventCountry "NED"]
[EventCategory "15"]
[SourceTitle "MCL"]
[Source "ChessBase"]
[SourceDate "1999.07.01"]
[SourceVersion "1"]
[SourceVersionDate "1999.07.01"]
[SourceQuality "1"]

1. e4 c6 2. d4 d5 3. Nd2 dxe4 4. Nxe4 Nf6 5. Nxf6+ exf6 6. c3 Bd6 7. Bd3 Qc7 (
7... O-O) 8. Ne2 Bg4 (8... O-O 9. Qc2 g6 10. h4 $40) 9. Be3 Nd7 10. Qd2 Bxe2
11. Qxe2 $14 O-O-O 12. O-O-O Kb8 13. Kb1 Nb6 (13... Bf4 $5) 14. g3 Ka8 $6 (
14... Rhe8) 15. Qf3 Nd5 16. Bc1 Ne7 17. Bc4 Nc8 18. Rhe1 h6 19. h4 $36 h5 20.
Bb3 a6 21. Re2 Rd7 22. Red2 $1 Re7 23. Rd3 Nb6 24. Be3 Nc8 25. Ba4 Nb6 26. Bb3
Nc8 27. a3 Nb6 28. Qf5 Qc8 29. Qf3 (29. Qxc8+ Rxc8 30. c4 c5 $14) 29... Qg4 $2
(29... Qc7 $16) 30. Qxg4 hxg4 31. c4 Nd7 32. c5 Bc7 33. d5 cxd5 34. Bxd5 $18
Ne5 35. Rd4 f5 36. Bg2 Rc8 37. b4 g6 38. Bg5 Ree8 39. Rd5 Bb8 40. Kc2 Nc6 1-0

[Event "Asztalos Memorial Group A"]
[Site "Budapest"]
[Date "1984.03.08"]
[Round "2"]
[White "Tischbierek, Raj"]
[Black "Moehring, Guenther"]
[Result "1/2-1/2"]
[WhiteElo "2450"]
[BlackElo "2395"]
[Annotator "Tischbierek,R"]
[PlyCount "73"]
[EventDate "1984.03.07"]
[EventType "tourn"]
[EventRounds "13"]
[EventCountry "HUN"]
[EventCategory "6"]
[SourceTitle "EXT 2013"]
[Source "ChessBase"]
[SourceDate "2012.11.22"]
[SourceVersion "1"]
[SourceVersionDate "2012.11.22"]
[SourceQuality "1"]

1. e4 c6 2. d4 d5 3. Nd2 dxe4 4. Nxe4 Nf6 5. Nxf6+ exf6 6. c3 Bd6 7. Bd3 O-O 8.
Qc2 g6 9. Bh6 Re8+ 10. Ne2 Nd7 11. h4 Nf8 12. h5 Qe7 13. O-O-O Bf5 14. Bxf5
Qxe2 15. hxg6 hxg6 16. Rd2 Qc4 17. b3 Qd5 18. Bd3 Qxg2 19. Qd1 Re7 20. f4 Qg3
21. Rg1 Qe3 22. Qg4 f5 23. Qg3 Rae8 24. Kc2 Qxg3 25. Rxg3 Re3 26. Rgg2 Rh3 27.
Bg5 Ree3 $2 (27... Ne6 $1) 28. Bxf5 Rxc3+ 29. Kb2 Rhg3 30. Bc8 b6 31. f5 gxf5
$2 (31... Rcd3) 32. Bh4 f4 33. Bxg3 Rxg3 34. Bb7 c5 35. dxc5 Bxc5 36. Rd3 Rxg2+
37. Bxg2 {2:23-2:24} 1/2-1/2

[Event "Belgrade GMA op"]
[Site "Belgrade"]
[Date "1988.??.??"]
[Round "?"]
[White "Mokry, Karel"]
[Black "Mirkovic, Slobodan"]
[Result "1/2-1/2"]
[WhiteElo "2495"]
[BlackElo "2395"]
[Annotator "Mirkovic,S"]
[PlyCount "105"]
[EventDate "1988.12.??"]
[EventType "swiss"]
[EventRounds "9"]
[EventCountry "YUG"]
[SourceTitle "TD"]
[Source "ChessBase"]
[SourceDate "1994.03.01"]
[SourceVersion "1"]
[SourceVersionDate "1994.03.01"]
[SourceQuality "1"]

1. e4 c6 2. d4 d5 3. Nc3 dxe4 4. Nxe4 Nf6 5. Nxf6+ exf6 6. c3 Be6 7. Bd3 Bd6 8.
Ne2 Qc7 9. Qc2 Nd7 10. h3 O-O-O 11. c4 $1 Bb4+ 12. Bd2 Qa5 13. Bxb4 Qxb4+ 14.
Qd2 Qxd2+ 15. Kxd2 $14 f5 $1 16. Kc3 Nf6 17. Nf4 (17. f3 $5) 17... g5 18. Nxe6
fxe6 19. Rhe1 Rhe8 20. Re5 Nd7 21. Re2 Nf6 22. Rae1 Kd7 23. b4 Ra8 $2 (23... a6
$1 24. a4 Ra8 $14) 24. b5 $1 $16 Rac8 (24... cxb5 25. Rxe6 $1 Rxe6 26. Bxf5
Rae8 27. d5 Kd6 28. Rxe6+ Rxe6 29. dxe6 bxc4 30. Kxc4 $18) 25. bxc6+ Rxc6 (
25... bxc6 26. f3 { g4}) 26. Kb2 Rb6+ 27. Ka1 a6 28. d5 $1 exd5 29. Bxf5+ Kd8
30. Rxe8+ $2 (30. cxd5 $1 Rxe2 31. Rxe2 Rd6 32. Re6 Kc7 $16) 30... Nxe8 {9/i}
31. cxd5 (31. Rd1 Nf6 32. cxd5 Ke7 $14) 31... Rf6 32. Bxh7 $2 (32. g4 $1 Nd6
33. Re6 Rxe6 34. dxe6 (34. Bxe6 Ke7 { f6-e5, b6, a5=}) 34... Ke7 35. Kb2 h5 $1
36. Kc3 h4 $1 {h3} 37. f3 b5 $1 $14) 32... Rxf2 33. Be4 Nd6 34. Bf3 Nc4 $1 35.
d6 Nxd6 36. Re2 Rxe2 37. Bxe2 Ke7 38. Kb2 Nf5 (38... Ke6 39. Kc3 Ke5 40. Kb4
Kd4 41. Ka5 Kc5) 39. Bf3 b6 40. Kc3 Kd6 41. Bb7 a5 42. Kc4 Ke5 $1 43. Bc6 (43.
Kb5 Nd6+ 44. Kxb6 Nxb7 45. Kxb7 Kf4) 43... Nd6+ 44. Kd3 Nf5 45. Bd7 Nd6 46. a4
Ne4 47. Ke3 Nf6 48. Bc6 Kd6 49. Bb5 Ke5 50. g3 Ne4 51. Kf3 Nf6 52. Ke3 Ne4 53.
Kf3 1/2-1/2

[Event "Sydney Mercantile"]
[Site "Sydney"]
[Date "1991.??.??"]
[Round "5"]
[White "Arakhamia Grant, Ketevan"]
[Black "Antonio, Rogelio Jr"]
[Result "0-1"]
[WhiteElo "2440"]
[BlackElo "2490"]
[Annotator "King,D"]
[PlyCount "86"]
[EventDate "1991.04.??"]
[EventType "tourn"]
[EventRounds "9"]
[EventCountry "AUS"]
[EventCategory "10"]
[SourceTitle "CBM 023"]
[Source "ChessBase"]
[SourceDate "1991.08.01"]
[SourceVersion "1"]
[SourceVersionDate "1991.08.01"]
[SourceQuality "1"]

1. e4 c6 2. d4 d5 3. Nd2 dxe4 4. Nxe4 Nf6 5. Nxf6+ exf6 6. c3 Bd6 7. Bd3 O-O 8.
Qc2 h6 9. Ne2 Qc7 {Watch black's queen in this game...} 10. Be3 Re8 11. h3 Nd7
12. O-O Nf8 13. c4 Ne6 14. Qd2 c5 15. d5 Ng5 16. Nc3 Bd7 17. h4 Nh7 18. Ne4 f5
19. Nxd6 Qxd6 20. Qc2 Qf6 21. Bxc5 Qxh4 22. f3 Nf6 23. Qf2 Qg5 24. f4 Qg6 25.
Rfe1 Ng4 26. Qh4 Qa6 27. Re7 Qa5 28. b4 Qa3 29. Be2 Qc3 30. Qe1 Qf6 31. Bxg4
fxg4 32. Qe5 Qh4 33. Bd4 f6 34. Qd6 Rxe7 35. Qxe7 Bf5 36. Qe3 g3 37. d6 Qh2+
38. Kf1 Qh1+ 39. Qg1 Bd3+ 40. Ke1 Qh5 41. Qe3 Re8 42. Be5 Bxc4 43. d7 Rd8 0-1

[Event "Villa Gesell"]
[Site "Villa Gesell"]
[Date "1996.??.??"]
[Round "8"]
[White "Spangenberg, Hugo"]
[Black "Soppe, Guillermo"]
[Result "1/2-1/2"]
[WhiteElo "2505"]
[BlackElo "2465"]
[Annotator "Engqvist"]
[PlyCount "68"]
[EventDate "1996.03.??"]
[EventType "tourn"]
[EventRounds "11"]
[EventCountry "ARG"]
[EventCategory "11"]
[SourceTitle "CBM 052"]
[Source "ChessBase"]
[SourceDate "1996.06.01"]
[SourceVersion "1"]
[SourceVersionDate "1996.06.01"]
[SourceQuality "1"]

1. e4 c6 2. d4 d5 3. Nc3 dxe4 4. Nxe4 Nf6 5. Nxf6+ exf6 6. Bc4 Qe7+ 7. Qe2 (7.
Be2 Qc7 8. Bd3 (8. Nf3 Bd6 9. O-O O-O 10. h3 (10. c4 c5 11. h3 Nc6 12. dxc5
Bxc5 13. Qd5 $2 Ne7 14. Qh5 $2 Nf5 $19 {Kveinis-Lechtynsky, Rimavska Sobota
1990}) 10... c5 11. Be3 cxd4 12. Nxd4 a6 13. Qd2 f5 14. Nf3 Nc6 15. Rad1 Rd8
16. Qc3 h6 17. Bc5 Be6 18. Bxd6 Rxd6 19. Rxd6 Qxd6 20. Rd1 Qe7 21. Re1 Qd6 22.
a3 $14 {Kudrin-Bellon, Brussel 1987}) 8... Be6 9. Ne2 Bd6 10. c4 Na6 11. a3 O-O
12. Qc2 h6 13. Be3 Qd7 14. O-O Nc7 15. Ng3 Bxg3 16. hxg3 b5 17. b3 a5 18. Rfc1
Rfc8 19. a4 $14 {Dorfman-Seirawan, Moskva GMA 1990}) 7... Be6 (7... Bg4 8.
Qxe7+ (8. f3 Be6 9. Bxe6 Qxe6 10. Bf4 Be7 (10... Na6 11. O-O-O O-O-O 12. Qxe6+
fxe6 13. Ne2 Bd6 14. Bxd6 Rxd6 15. c3 {1/2 Parma-Andersson, Dortmund 1973}) 11.
Qxe6 (11. c4 O-O 12. O-O-O Re8 13. Qxe6 fxe6 14. Nh3 Nd7 15. Rhe1 Kf7 16. Bg3
Rad8 $10 {Matulovic-Radulov, Helsinki zt 1972}) 11... fxe6 12. Bxb8 Rxb8 $10
13. O-O-O Kf7 14. Ne2 Rbd8 15. f4 Rd7 16. g3 {1/2 Dely-Ribli, Kecskemet 1972 -
13/211}) (8. Qe3 Nd7 9. Ne2 Nb6 10. Bb3 Nd5 11. Qxe7+ Bxe7 12. Nf4 Nxf4 13.
Bxf4 Be6 $10 14. c4 {1/2 Ljubojevic-Andersson, London 1982}) (8. Nf3 Bxf3 9.
gxf3 Qxe2+ 10. Bxe2 $13 {Perenyi-Barczay,L, Budapest MTK 1988}) 8... Bxe7 9.
Ne2 (9. h3 Be6 10. Bxe6 fxe6 11. Ne2 Kf7 12. Be3 {1/2 Ghizdavu-Bilek, Lone
Pine 1975}) 9... Nd7 10. Nf4 (10. Bd3 Nb6 11. c4 O-O-O 12. f3 Be6 13. b3 Rhe8
14. Bb2 f5 15. Kf2 Bf6 16. Rab1 Kc7 17. Rhd1 $14 {Matanovic-Markland, Bath tt
ch-EU 1973}) (10. Bd2 Nb6 11. Bd3 O-O-O 12. f3 Be6 13. b3 c5 14. dxc5 Bxc5 15.
O-O-O {1/2 Horvath-Barczay,L, Budapest ch-HU 1982}) (10. Bf4 Nb6 11. Bb3 Be6
12. O-O-O O-O-O 13. Rhe1 Rhe8 14. Bg3 Bxb3 15. axb3 Nd5 16. Nc3 Nc7 17. Re2 Bb4
{1/2 Horvath,G-Barczay,L, Budapest MTK 1988}) 10... Nb6 11. Be2 (11. Bb3 Rd8
12. h3 Bf5 13. Be3 O-O 14. O-O-O $14 {Ostojic-Stanojevic, Jugoslavija 1980})
11... Bxe2 12. Kxe2 O-O-O 13. Rd1 Rhe8 14. Kf1 c5 15. Ne2 f5 16. Bf4 Nd5 17.
dxc5 Bxc5 18. Bg5 f6 19. Bd2 $14 {Stein-Andersson, Las Palmas 1973}) 8. Bxe6 (
8. Bd3 c5 9. dxc5 (9. Nf3 c4 10. Be4 f5 11. Bg5 Qc7 12. Bxf5 Qa5+ 13. c3 Qxf5
14. d5 $1 $13 {Filip}) 9... Qxc5 10. Nf3 Nc6 11. O-O Bd6 12. h3 O-O 13. Be3 Qa5
$10 {Jovsic-Andersson, Titovo Uzice 1978}) (8. Bb3 $1 Na6 (8... Nd7 9. Bf4 Nb6
10. O-O-O Nd5 11. Bd2 b5 12. Nf3 Qd7 13. Ne1 $14 {Tal-Bronstejn, SSSR 1974 -
18/193}) (8... a5 $6 9. Bf4 $1 a4 $2 (9... Nd7 10. O-O-O Nb6) 10. Bxe6 Qxe6 11.
O-O-O Be7 (11... Nd7 12. d5 cxd5 13. Qb5) 12. d5 cxd5 13. Bxb8 {The point with
9.Bf4!} Rxb8 14. Qb5+ $16 {Persson,M-Engqvist, Sweden Taby 1994}) 9. c3 (9. Be3
Nb4 (9... Bxb3 10. axb3 Qe6 11. Nf3 Bd6 12. O-O O-O 13. Rfd1 Rfe8 14. Qd2 Nb4
$10 {Sznapik-Lectynsky, Decin 1979 - 28/202}) 10. Nf3 Bxb3 11. axb3 Qe4 12. Rc1
Bd6 13. Bd2 {1/2 Geller-Seirawan, New York 1990}) 9... Nc7 (9... Bxb3 10. axb3
Qxe2+ 11. Nxe2 Bd6 12. Bf4 Bxf4 (12... O-O-O 13. Bxd6 Rxd6 14. O-O-O Re8 15.
Rhe1 Rde6 16. Kd2 Nc7 17. Nf4 Rxe1 18. Rxe1 Rxe1 19. Kxe1 Ne6 20. Nd3 $10 {
Wendlemyr-Engqvist, Lulea jun ch-SWE 1980}) 13. Nxf4 O-O-O 14. O-O $14 {Filip}
(14. b4 Kb8 15. Kd2 Nxb4 $5 16. cxb4 Rxd4+ 17. Nd3 Rhd8 18. Ra3 Rxb4 $14 {
Kuijpers-Lectynsky, Nice (ol) 1974})) 10. Bf4 Bxb3 11. axb3 Nd5 12. Bg3 a6 13.
Kd2 Qxe2+ 14. Nxe2 O-O-O 15. Rhe1 $14 Bd6 16. Bxd6 Rxd6 17. Ng3 Re6 18. Ne4 Nc7
19. Nc5 Rxe1 20. Rxe1 Re8 {1/2 Keres-Smyslov, Amsterdam IBM 1971}) 8... Qxe6 9.
Bf4 (9. Nh3 g5 10. f4 g4 11. Nf2 f5 12. h3 g3 $13 {Matanovic-Wade, Skopje (ol)
1972}) (9. Nf3 Na6 10. Bd2 O-O-O 11. Qxe6+ fxe6 12. O-O-O {1/2 Bronstein-Keres,
Tallinn 1971}) (9. Qxe6+ fxe6 10. Be3 (10. Nf3 Kf7 11. O-O Nd7 12. b3 Be7 13.
Bb2 Rhd8 14. Rfd1 b5 15. a4 a6 16. Kf1 Nb6 $10 {Dutreeuw-Hodgson, Haringey 1988
}) 10... Nd7 11. O-O-O Kf7 12. Ne2 Bd6 13. Bf4 Bxf4+ 14. Nxf4 {1/2
Sax-Andersson, Wijk aan Zee 1981}) 9... Na6 10. O-O-O (10. c3 O-O-O 11. Qxe6+
fxe6 12. Ne2 c5 $10 {Gaprindasvili-Andersson, Dortmund 1978 - 25/205}) 10...
O-O-O 11. Qxe6+ (11. a3 $2 Qa2 12. c3 Nc7 13. Qg4+ Ne6 14. Ne2 Rd5 15. b4 g5
16. Be3 h5 17. Qf3 f5 18. Bd2 Qxa3+ 19. Kc2 Qa2+ 20. Kd3 g4 21. Qe3 c5 22. h3
c4# {Hector-Hodgson, Sevilla 1987}) (11. c4 Qxe2 12. Nxe2 Bd6 13. Be3 Rhe8 14.
Nc3 Nc7 15. d5 $1 cxd5 16. Nxd5 b6 $10 {Dzevlan-Despotovic, Jugoslavija 1987 -
44/162}) 11... fxe6 12. Nf3 (12. Ne2 Nb4 13. c3 Nd5 14. Bg3 $10 {
Smit-Bronstejn, SSSR 1970}) 12... Bd6 13. Bg3 (13. Bxd6 Rxd6 14. Rhe1 Rhd8 15.
c3 c5 16. Rd2 cxd4 17. Rxd4 e5 18. Rxd6 Rxd6 19. Rd1 Kd7 20. Rxd6+ Kxd6 $10 {
Isaksen-Hartvig, Copenhagen 1993}) 13... Nc7 14. Rhe1 Rhe8 15. c4 b6 $10 16.
Kc2 Rd7 17. Kc3 Red8 18. Rd2 Kb7 19. a3 a5 20. Bxd6 Rxd6 21. h4 h5 22. Re4 R6d7
23. b3 Ra8 24. Ne1 c5 25. Nd3 Rxd4 26. Rxd4 cxd4+ 27. Kxd4 Rd8+ 28. Ke3 Rh8 29.
b4 axb4 30. axb4 g5 31. hxg5 fxg5 32. Ne5 b5 33. cxb5 Kb6 34. Nf7 Rg8 1/2-1/2